00304nam a2200121Ia 4500008004100000041001200041082001100053100000600064245004800070260004700118300000900165650000800174221030s9999 xx 000 0 und d aEnglish a105.23 a- 0aElectronics for You Annual Guide 2004cby - bEFY Enterprises Pvt. Ltd.aNew Delhic2004 a2004 aECE